| 000 | 01010cam a2200313 i 4500 | ||
|---|---|---|---|
| 001 | 66408 | ||
| 003 | Mx-PuUPA | ||
| 005 | 20250327104522.0 | ||
| 008 | 161020s1995 mx gr 000 f spa d | ||
| 020 | _a9682319617 | ||
| 040 |
_aMx-PuUPA _bspa _cMx-PuUPA _dMx-PuUPA _erda |
||
| 041 | 0 | _aspa | |
| 100 | 1 |
_aEspinosa, Enrique, _eautor _92876 |
|
| 240 | 1 | 0 |
_aObras. _kSelecciones. |
| 245 | 1 | 0 |
_aJesús el bisabuelo y otros relatos / _cEnrique Espinosa. |
| 250 | _aPrimera edición | ||
| 264 | 1 |
_aMéxico, D.F. : _bSiglo XXI Editores, _c1995 |
|
| 300 |
_a152 páginas ; _c21 cm |
||
| 336 |
_atexto _2rdacontent _btxt |
||
| 337 |
_asin medio _2rdamedia _bn |
||
| 338 |
_avolumen _2rdacarrier _bnc |
||
| 490 | 0 | _aLa Creación Literaria | |
| 505 | 0 | _aJesús el bisabuelo ; El desfile ; El retorno de Pepe Clítoris ; Edipo. | |
| 650 | 7 |
_2armarc _aLiteratura española |
|
| 655 | 7 |
_2armarc _aNovela española |
|
| 942 |
_2ddc _cLI _h863 _iE775 |
||
| 999 |
_c66408 _d66408 |
||